[Event "Mondiale Semilampo 2016"]
[Site "Doha QAT"]
[Date "2016.12.28"]
[Round "11.20"]
[White "Jakovenko, Dmitry"]
[Black "Bortnyk, Olexandr"]
[Result "1-0"]
[WhiteTitle "GM"]
[BlackTitle "GM"]
[WhiteElo "2704"]
[BlackElo "2581"]
[WhiteFideId "4122356"]
[BlackFideId "14120828"]
[EventDate "2016.12.26"]

1. Nf3 d6 2. d4 Nf6 3. c4 g6 4. Nc3 Bg7 5. e4 O-O 6. h3 Nbd7 7. Be3 a6 8. Qc2 c6
9. Be2 b5 10. O-O bxc4 11. Bxc4 d5 12. Bd3 dxe4 13. Nxe4 Nxe4 14. Bxe4 Bb7 15.
Rac1 Rc8 16. Qb3 Qb6 17. Qxb6 Nxb6 18. Ne5 Rfd8 19. Bxc6 Bxe5 20. Bxb7 Rxc1 21.
Rxc1 Bxd4 22. Rd1 e5 23. Bxa6 Ra8 24. Bxd4 exd4 25. Bb7 Rxa2 26. b4 Kf8 27. Rxd4
Ke7 28. b5 Ra1+ 29. Kh2 Ra2 30. Kg3 h5 31. Bc6 Rc2 32. h4 Rc3+ 33. Kf4 Nc4 34.
Rd7+ Ke6 35. Rc7 Rb3 36. Bd7+ Kd6 37. Ra7 Ne5 38. Be8 f6 39. f3 Rb4+ 40. Kg3 g5
41. hxg5 h4+ 42. Kh3 fxg5 43. Rg7 Rb1 44. Kh2 Rb2 45. Bc6 Nxc6 46. bxc6 Rb5 47.
c7 Rc5 48. Kh3 Ke6 49. Rxg5 1-0

[Event "Mondiale Semilampo 2016"]
[Site "Doha QAT"]
[Date "2016.12.28"]
[Round "11.22"]
[White "Karjakin, Sergey"]
[Black "Pantsulaia, Levan"]
[Result "1-0"]
[WhiteTitle "GM"]
[BlackTitle "GM"]
[WhiteElo "2785"]
[BlackElo "2607"]
[WhiteFideId "14109603"]
[BlackFideId "13602071"]
[EventDate "2016.12.26"]

1. e4 c6 2. d4 d5 3. e5 Bf5 4. Nf3 e6 5. Be2 Nd7 6. O-O Nh6 7. c3 Bg6 8. Nbd2
Be7 9. Nb3 O-O 10. a4 Rc8 11. a5 c5 12. Bxh6 gxh6 13. dxc5 Nxc5 14. Nbd4 Qc7 15.
Qd2 Kg7 16. h4 a6 17. Qf4 h5 18. Rfe1 Nd7 19. Bf1 Nb8 20. Re3 Nc6 21. b4 Nxd4
22. Nxd4 Qd8 23. Rh3 Rc7 24. Re1 Qd7 25. Ree3 Rfc8 26. Ref3 Qd8 27. Bd3 Qe8 28.
Bxg6 hxg6 29. g4 hxg4 30. Qxg4 Rc4 31. h5 g5 32. h6+ Kh8 33. Qh5 g4 34. Qxg4 Qg8
35. Qg7+ 1-0

[Event "Mondiale Semilampo 2016"]
[Site "Doha QAT"]
[Date "2016.12.28"]
[Round "11.24"]
[White "Zhigalko, Sergei"]
[Black "Matlakov, Maxim"]
[Result "1/2-1/2"]
[WhiteTitle "GM"]
[BlackTitle "GM"]
[WhiteElo "2671"]
[BlackElo "2694"]
[WhiteFideId "13502956"]
[BlackFideId "4168003"]
[EventDate "2016.12.26"]

1. e4 e5 2. Nf3 Nc6 3. Bb5 a6 4. Ba4 Nf6 5. O-O Be7 6. Re1 b5 7. Bb3 d6 8. c3
O-O 9. h3 Nb8 10. d4 Nbd7 11. Nbd2 Bb7 12. Bc2 Re8 13. Nf1 Bf8 14. Bg5 h6 15.
Bh4 Qc8 16. dxe5 dxe5 17. N3d2 a5 18. a4 b4 19. Ne3 Ra6 20. Qf3 Qa8 21. Rad1
bxc3 22. bxc3 Nc5 23. Nf5 Ree6 24. Qe3 Bc6 25. Nc4 Qe8 26. Bxf6 Rxf6 27. Qg3 Nd7
28. Nce3 Rg6 29. Qh4 Nf6 30. Nd5 Ra7 31. Nxf6+ Rxf6 32. Bb3 Kh7 33. Rd3 Rb7 34.
Bd5 Rb8 35. Bxc6 Qxc6 36. Qg3 Re8 37. Qe3 Qxa4 38. Rd5 g6 39. Nh4 Qa3 40. Nf3
Bd6 41. c4 Qb2 42. Rxa5 c6 43. Rd1 Bf8 44. Rd7 Qb1+ 45. Kh2 Qb4 46. Ra6 Qxc4 47.
Qd3 Qc5 48. Raa7 Kg7 49. Qb3 Re7 50. Rxe7 Bxe7 51. Rd7 Re6 52. Qb2 Qb4 53. Qc2
c5 54. Nd2 Qb5 55. Rd3 Rf6 56. Nc4 Re6 57. Rd5 Qb4 58. g3 Qe1 59. Kg2 Qa1 60. h4
h5 61. Qd3 Kg8 62. Rd7 Kg7 63. Qd5 Qa2 64. Ne3 c4 65. Qxc4 Qxc4 66. Nxc4 f6 67.
Ne3 Kf8 68. Nd5 Ke8 69. Ra7 Kf8 70. Rb7 Bc5 71. f4 Ra6 72. Kf1 Bd4 73. f5 gxf5
74. exf5 e4 75. Nf4 Ra1+ 76. Ke2 Ra2+ 77. Kd1 Kg8 78. Rb4 Ra1+ 79. Kc2 Be5 80.
Nxh5 Ra2+ 81. Kd1 e3 82. Re4 Rf2 83. g4 Rh2 84. g5 e2+ 85. Rxe2 Rxh4 86. Nxf6+
Bxf6 87. gxf6 Kf7 88. Re6 Rf4 89. Ke2 Rxf5 90. Rd6 Rxf6 91. Rxf6+ Kxf6 1/2-1/2

[Event "Mondiale Semilampo 2016"]
[Site "Doha QAT"]
[Date "2016.12.28"]
[Round "11.25"]
[White "Najer, Evgeniy"]
[Black "Artemiev, Vladislav"]
[Result "1/2-1/2"]
[WhiteTitle "GM"]
[BlackTitle "GM"]
[WhiteElo "2679"]
[BlackElo "2653"]
[WhiteFideId "4118987"]
[BlackFideId "24101605"]
[EventDate "2016.12.26"]

1. e4 c5 2. Nf3 d6 3. d4 cxd4 4. Nxd4 Nf6 5. Nc3 a6 6. Be3 e6 7. f3 b5 8. Qd2 b4
9. Nce2 e5 10. Nb3 a5 11. a3 bxa3 12. Rxa3 d5 13. Rxa5 Rxa5 14. Nxa5 dxe4 15.
Ng3 Qxd2+ 16. Bxd2 exf3 17. gxf3 Bd6 18. Bb5+ Ke7 19. Nc4 Be6 20. Nxd6 Kxd6 21.
Kf2 Nc6 22. Ra1 Nd4 23. Bd3 Rb8 24. b3 h6 25. Ra6+ Ke7 26. Ra5 Nc6 27. Ra4 Rd8
28. Ra6 Nd4 29. Bb4+ Ke8 30. Ra7 Rc8 31. c3 Nc6 32. Bb5 Kd8 33. Bxc6 Rxc6 34. c4
Kc8 35. Bf8 g5 36. Bxh6 g4 37. Bg7 Nd7 38. Ra5 gxf3 39. Kxf3 Rb6 40. Rb5 Rxb5
41. cxb5 Bxb3 42. h4 Bd1+ 43. Kf2 Kc7 44. h5 Bc2 45. h6 Bg6 46. Ke3 f5 47. Bxe5+
Nxe5 48. Nxf5 Bxf5 49. Kf4 Nf7 1/2-1/2

[Event "Mondiale Semilampo 2016"]
[Site "Doha QAT"]
[Date "2016.12.28"]
[Round "11.26"]
[White "Malakhov, Vladimir"]
[Black "Halkias, Stelios"]
[Result "1-0"]
[WhiteTitle "GM"]
[BlackTitle "GM"]
[WhiteElo "2713"]
[BlackElo "2585"]
[WhiteFideId "4120787"]
[BlackFideId "4201809"]
[EventDate "2016.12.26"]

1. e4 c5 2. Nf3 e6 3. g3 Nc6 4. Bg2 Nf6 5. d3 d6 6. O-O g6 7. Re1 Bg7 8. c3 e5
9. a4 O-O 10. Na3 h6 11. Nc4 Be6 12. h3 Qd7 13. Kh2 Qc7 14. Ne3 Rad8 15. c4 Ne7
16. a5 Nd7 17. Nd5 Bxd5 18. cxd5 f5 19. Nd2 f4 20. Nc4 Nf6 21. Bd2 g5 22. Bf3
Nc8 23. b4 cxb4 24. Bxb4 Qf7 25. g4 Rfe8 26. Qd2 Nh7 27. Bd1 Nf8 28. Ba4 Re7 29.
f3 Ng6 30. Qf2 Nh4 31. Kg1 h5 32. Kf1 Bf8 33. Ke2 Qg6 34. gxh5 Qxh5 35. Rg1 Rh7
36. Rg4 Be7 37. Rh1 Kf8 38. Bc3 Ng6 39. d4 Bf6 40. dxe5 Rc7 41. Kd3 Nxe5+ 42.
Bxe5 dxe5 43. Qb2 Qf7 44. Bb3 Qe7 45. Qa3 Qxa3 46. Nxa3 Nd6 47. Rg2 Rc5 48. Nc4
Nb5 49. Rb1 Rdc8 50. Ba2 a6 51. Rgb2 Kg7 52. Rb4 Kh6 53. Rg1 Be7 54. Ra4 Bf6 55.
Rg2 Nd4 56. Rf2 Kh5 57. Rb4 Nb5 58. Rg2 Kh4 59. Rg4+ Kh5 60. Rg2 Be7 61. Rb1 Bd8
62. h4 gxh4 63. Rbg1 Bf6 64. Rg6 Rf8 65. d6 Nd4 66. d7 Ne6 67. Nd6 Rc6 68. Ne8
Nc5+ 69. Ke2 Bd8 70. Ng7# 1-0

[Event "Mondiale Semilampo 2016"]
[Site "Doha QAT"]
[Date "2016.12.28"]
[Round "11.27"]
[White "Adly, Ahmed"]
[Black "Inarkiev, Ernesto"]
[Result "0-1"]
[WhiteTitle "GM"]
[BlackTitle "GM"]
[WhiteElo "2599"]
[BlackElo "2709"]
[WhiteFideId "10601619"]
[BlackFideId "4162722"]
[EventDate "2016.12.26"]

1. Nf3 d5 2. c4 d4 3. e3 Nc6 4. Nxd4 Nxd4 5. exd4 Qxd4 6. Be2 e5 7. O-O Nh6 8.
Nc3 c6 9. d3 Nf5 10. Kh1 Be6 11. Ne4 Be7 12. f4 O-O 13. fxe5 Qxe5 14. Bf4 Qd4
15. Qe1 Rad8 16. Bd2 Bh4 17. g3 Be7 18. Bc3 Qd7 19. Bg4 Nd4 20. Bxe6 Qxe6 21.
Rd1 f5 22. Nd2 Bf6 23. Qxe6+ Nxe6 24. Bxf6 Rxf6 25. Nb3 c5 26. Rfe1 b6 27. Re5
Kf7 28. Kg2 g6 29. Kf3 Ng5+ 30. Kf4 Nh3+ 31. Kf3 Rfd6 32. Nc1 Kf6 33. Re2 h5 34.
Kg2 Ng5 35. a3 h4 36. b4 h3+ 37. Kf1 Nf3 38. bxc5 bxc5 39. Rb2 Ne5 40. Rb7 R8d7
41. Rxd7 Rxd7 42. Nb3 Rb7 43. Nd2 Rb2 44. Ke2 Ng4 45. a4 Ke5 46. a5 Kd4 47. a6
Nxh2 48. Rh1 Ng4 49. Rxh3 Kc3 50. Rh7 Rxd2+ 51. Ke1 Ne5 52. Rxa7 Nxd3+ 53. Kf1
Rf2+ 54. Kg1 Ra2 55. Ra8 Kxc4 56. a7 Kc3 57. Kf1 c4 58. Kg1 g5 0-1

[Event "Mondiale Semilampo 2016"]
[Site "Doha QAT"]
[Date "2016.12.28"]
[Round "11.28"]
[White "Dreev, Aleksey"]
[Black "Mamedov, Rauf"]
[Result "1-0"]
[WhiteTitle "GM"]
[BlackTitle "GM"]
[WhiteElo "2652"]
[BlackElo "2688"]
[WhiteFideId "4100107"]
[BlackFideId "13401653"]
[EventDate "2016.12.26"]

1. d4 Nf6 2. Nf3 g6 3. g3 Bg7 4. Bg2 d5 5. c4 c6 6. Qb3 O-O 7. O-O Qb6 8. Nc3
Rd8 9. Rd1 Bf5 10. Ne1 dxc4 11. Qxc4 Be6 12. Qa4 Na6 13. e4 Qb4 14. Nc2 Qxa4 15.
Nxa4 Rac8 16. Be3 Ng4 17. Bg5 f6 18. Bd2 f5 19. e5 b5 20. Nc3 b4 21. Ne2 b3 22.
Nb4 Nxb4 23. Bxb4 Bc4 24. Nc3 c5 25. Bxc5 Nxe5 26. Bxe7 Rd7 27. dxe5 Rxe7 28. f4
bxa2 29. Bd5+ Bxd5 30. Rxd5 Rb7 31. Rxa2 Bf8 32. Kf2 Bb4 33. Rd3 a5 34. Ke3 Rc4
35. Nd5 Bc5+ 36. Kd2 a4 37. Nc3 Bb4 38. Kd1 Bxc3 39. bxc3 g5 40. fxg5 Kf7 41.
Kd2 Rb3 42. Rd7+ Ke6 43. Rxh7 a3 44. g6 Rcxc3 45. Ra7 f4 46. g7 Rc8 47. R7xa3
Rb7 48. Ra8 Rxa8 49. Rxa8 Rxg7 50. gxf4 1-0

[Event "Mondiale Semilampo 2016"]
[Site "Doha QAT"]
[Date "2016.12.28"]
[Round "11.29"]
[White "Salem, A.R. Saleh"]
[Black "Vitiugov, Nikita"]
[Result "1-0"]
[WhiteTitle "GM"]
[BlackTitle "GM"]
[WhiteElo "2656"]
[BlackElo "2726"]
[WhiteFideId "9301348"]
[BlackFideId "4152956"]
[EventDate "2016.12.26"]

1. d4 d5 2. c4 e6 3. Nc3 a6 4. cxd5 exd5 5. Bf4 Nf6 6. e3 Bd6 7. Bg5 c6 8. Bd3
O-O 9. Qc2 h6 10. Bh4 Be6 11. Nge2 Re8 12. O-O-O Nbd7 13. Nf4 Nf8 14. Nxe6 Nxe6
15. Kb1 Be7 16. Bf5 Nc7 17. f3 Nb5 18. Bf2 Qa5 19. Na4 Nd6 20. Bd3 Nd7 21. e4
Bf8 22. Be1 Qd8 23. Bg3 Rc8 24. Bxd6 Bxd6 25. e5 Bf8 26. Bh7+ Kh8 27. Bf5 Rc7
28. f4 b5 29. Nc3 Nb6 30. Rhe1 c5 31. dxc5 Rxc5 32. Qd3 Qc7 33. Ne2 Rc4 34. b3
Rc5 35. Rc1 Rb8 36. Nd4 Nc4 37. g3 Qa5 38. e6 fxe6 39. Bxe6 Nd2+ 40. Ka1 Ne4 41.
Rf1 Rc3 42. Rxc3 Nxc3 43. Rf2 Re8 44. Rc2 b4 45. Qg6 Qd8 46. Nc6 Qf6 47. Qxe8
Nb5+ 48. Ne5 1-0

[Event "Mondiale Semilampo 2016"]
[Site "Doha QAT"]
[Date "2016.12.28"]
[Round "11.30"]
[White "Nguyen, Ngoc Truong Son"]
[Black "Borisek, Jure"]
[Result "1-0"]
[WhiteTitle "GM"]
[BlackTitle "GM"]
[WhiteElo "2629"]
[BlackElo "2561"]
[WhiteFideId "12401110"]
[BlackFideId "14603152"]
[EventDate "2016.12.26"]

1. d4 d5 2. Nf3 Nf6 3. Bf4 e6 4. e3 Bd6 5. Bg3 O-O 6. c4 b6 7. cxd5 exd5 8. Nc3
Re8 9. Be2 Bb7 10. O-O Bxg3 11. hxg3 Nbd7 12. b4 c6 13. Qb3 Qe7 14. a4 a6 15. a5
b5 16. Rac1 Qd6 17. Bd3 Re7 18. Rfe1 Rae8 19. Qb1 Ne4 20. Bxe4 dxe4 21. Nd2 Nf6
22. Ne2 Bc8 23. Rc5 Bd7 24. Rec1 h6 25. Nc3 g5 26. Qa2 Kg7 27. d5 Re5 28. dxc6
Bxc6 29. Nb3 Ng4 30. Qe2 h5 31. Nd4 Bd7 32. Qd2 Qh6 33. Rc7 h4 34. Nxe4 hxg3 35.
Nxg3 Qh2+ 36. Kf1 Be6 37. Nf3 1-0

[Event "Mondiale Semilampo 2016"]
[Site "Doha QAT"]
[Date "2016.12.28"]
[Round "11.31"]
[White "Firouzja, Alireza"]
[Black "Wojtaszek, Radoslaw"]
[Result "0-1"]
[WhiteTitle "IM"]
[BlackTitle "GM"]
[WhiteElo "2456"]
[BlackElo "2749"]
[WhiteFideId "12573981"]
[BlackFideId "1118358"]
[EventDate "2016.12.26"]

1. Nf3 d5 2. g3 c6 3. Bg2 Bg4 4. h3 Bxf3 5. Bxf3 e6 6. O-O Nd7 7. d3 Bc5 8. e4
dxe4 9. dxe4 Ne5 10. Bg2 Qxd1 11. Rxd1 Nf6 12. b3 Ke7 13. Bb2 Nfd7 14. Kf1 f6
15. Nd2 g5 16. Ke2 h5 17. a3 a5 18. Rf1 h4 19. f4 gxf4 20. gxf4 Rhg8 21. Bh1 Nf7
22. Nf3 Rg3 23. Nxh4 Rh8 24. Rf3 Rg7 25. Ng2 Nd6 26. e5 Nf5 27. b4 Bd4 28. c3
Ba7 29. Kd3 fxe5 30. Re1 Ng3 0-1

[Event "Mondiale Semilampo 2016"]
[Site "Doha QAT"]
[Date "2016.12.28"]
[Round "11.32"]
[White "Moiseenko, Alexander"]
[Black "Anton Guijarro, David"]
[Result "0-1"]
[WhiteTitle "GM"]
[BlackTitle "GM"]
[WhiteElo "2657"]
[BlackElo "2650"]
[WhiteFideId "14102560"]
[BlackFideId "2285525"]
[EventDate "2016.12.26"]

1. d4 e6 2. Nf3 Nf6 3. c4 b6 4. g3 Bb7 5. Bg2 Be7 6. O-O O-O 7. d5 exd5 8. Nh4
c6 9. cxd5 Nxd5 10. Nf5 Nc7 11. e4 d5 12. Re1 Bf6 13. Nc3 Bc8 14. Qf3 Re8 15.
Bd2 Nd7 16. exd5 Ne5 17. Qh5 g6 18. Nh6+ Kg7 19. Qd1 cxd5 20. Bf4 Bb7 21. Bxe5
Rxe5 22. Rxe5 Bxe5 23. Ng4 Qd6 24. Qd2 h5 25. Nxe5 Qxe5 26. Re1 Qf6 27. Rd1 Re8
28. h4 Qe5 29. a3 Rd8 30. Re1 Qf6 31. Rd1 d4 32. Ne4 Qf5 33. Ng5 Bxg2 34. Kxg2
Ne6 35. Nxe6+ Qxe6 36. Qd3 Qd5+ 37. Qf3 Qb5 38. b4 Qe5 39. Rd3 a5 40. Qb7 axb4
41. axb4 Rd6 42. Rf3 Qd5 43. Qxd5 Rxd5 44. Kf1 d3 45. Ke1 d2+ 46. Kd1 Rd4 47. b5
Rd5 48. Rc3 Rxb5 49. Kxd2 Rf5 50. Ke3 b5 51. Rc7 Kf6 52. Rb7 Ke6 53. f3 Kd6 54.
g4 Kc6 55. Rb8 Rd5 56. Ke4 Rd6 57. gxh5 gxh5 58. Kf5 Kc5 59. Kg5 Rd5+ 60. Kf6 b4
61. Kxf7 Rd4 62. Kg6 Rxh4 63. Kg5 Rh1 64. f4 h4 65. Rc8+ Kd4 66. Rd8+ Kc3 67.
Rc8+ Kb2 68. Kg4 h3 69. Kg3 b3 70. Rh8 Ka2 71. Ra8+ Kb1 72. Rh8 b2 73. f5 Rf1
74. Kg4 Kc2 75. Rc8+ Kd3 0-1

[Event "Mondiale Semilampo 2016"]
[Site "Doha QAT"]
[Date "2016.12.28"]
[Round "11.33"]
[White "Perez Ponsa, Federico"]
[Black "Volokitin, Andrei"]
[Result "0-1"]
[WhiteTitle "GM"]
[BlackTitle "GM"]
[WhiteElo "2585"]
[BlackElo "2649"]
[WhiteFideId "117927"]
[BlackFideId "14107090"]
[EventDate "2016.12.26"]

1. e4 c5 2. Nf3 d6 3. Bb5+ Nd7 4. O-O a6 5. Bd3 Ngf6 6. Re1 e6 7. c3 b5 8. Bc2
c4 9. d4 cxd3 10. Qxd3 Bb7 11. Qe2 Be7 12. Bg5 h6 13. Bh4 O-O 14. Nbd2 Nh5 15.
Bxe7 Qxe7 16. a4 Nf4 17. Qe3 e5 18. g3 Nh3+ 19. Kg2 Ng5 20. Nxg5 hxg5 21. Nf3 g4
22. Nh4 g6 23. Qh6 Nc5 24. axb5 axb5 25. Rxa8 Rxa8 26. b4 Ne6 27. Bb3 Qg5 28.
Qxg5 Nxg5 29. Bc2 Ra2 30. Bd3 Rd2 31. Bb1 d5 32. exd5 Bxd5+ 33. Kf1 Bc4+ 34. Kg2
Nh3 35. Be4 Nxf2 36. Kg1 Nxe4 37. Rxe4 Rd1+ 38. Kf2 Rf1+ 39. Kg2 Bd5 40. Kxf1
Bxe4 41. Kf2 Kg7 42. h3 gxh3 43. g4 h2 0-1

[Event "Mondiale Semilampo 2016"]
[Site "Doha QAT"]
[Date "2016.12.28"]
[Round "11.34"]
[White "Banikas, Hristos"]
[Black "Potapov, Pavel"]
[Result "1-0"]
[WhiteTitle "GM"]
[BlackTitle "GM"]
[WhiteElo "2568"]
[BlackElo "2493"]
[WhiteFideId "4202031"]
[BlackFideId "4169786"]
[EventDate "2016.12.26"]

1. e4 c5 2. Nf3 Nc6 3. d4 cxd4 4. Nxd4 e5 5. Nb5 d6 6. c4 Be7 7. N1c3 a6 8. Na3
f5 9. exf5 Bxf5 10. Nc2 Nf6 11. Ne3 Be6 12. g3 O-O 13. Bg2 Qd7 14. O-O Bd8 15.
Ncd5 Nd4 16. Nxf6+ Rxf6 17. Nd5 Bxd5 18. Bxd5+ Kh8 19. Bg5 Rf8 20. Be3 Bb6 21.
Kg2 Rf6 22. Qd3 Qc7 23. f4 Raf8 24. fxe5 dxe5 25. Rxf6 Rxf6 26. Rf1 Rxf1 27.
Qxf1 Bc5 28. Bxd4 exd4 29. Qf5 b6 30. Qe6 Qd8 31. Be4 Qf8 32. a3 a5 33. Qh3 g6
34. Bxg6 Qa8+ 35. Kf2 Qf8+ 36. Ke1 Qe7+ 37. Kd1 Kg8 38. Bd3 Qf7 39. Qg4+ Kh8 40.
Qe2 Bd6 41. Kc2 Bc5 42. Qe5+ Qg7 43. Qf5 Qe7 44. Kb3 Bd6 45. Ka2 Bc5 46. g4 Kg8
47. g5 Qc7 48. h4 Qe7 49. h5 Qc7 50. h6 Qe7 51. Be4 a4 52. Qc8+ Qf8 53. Qe6+ 1-0

[Event "Mondiale Semilampo 2016"]
[Site "Doha QAT"]
[Date "2016.12.28"]
[Round "11.35"]
[White "Khusnutdinov, Rustam"]
[Black "Ganguly, Surya Shekhar"]
[Result "1/2-1/2"]
[WhiteTitle "GM"]
[BlackTitle "GM"]
[WhiteElo "2458"]
[BlackElo "2668"]
[WhiteFideId "13701703"]
[BlackFideId "5002150"]
[EventDate "2016.12.26"]

1. e4 e5 2. Nf3 Nc6 3. Bb5 Nf6 4. d3 Bc5 5. O-O Nd4 6. Nxd4 Bxd4 7. c3 Bb6 8.
Na3 c6 9. Ba4 d6 10. Bc2 O-O 11. Nc4 Bc7 12. Ne3 d5 13. Qf3 Be6 14. Nf5 Ne8 15.
Be3 Qd7 16. d4 Bxf5 17. Qxf5 Qxf5 18. exf5 Nf6 19. dxe5 Bxe5 20. h3 Rfe8 21.
Rfe1 Ne4 22. Bxe4 dxe4 23. Rad1 Red8 24. Rxd8+ Rxd8 25. Bxa7 Rd2 26. g4 Rxb2 27.
Rxe4 f6 28. Bd4 Bxd4 29. Rxd4 Rxa2 30. Rd8+ Kf7 31. Rd7+ Kf8 32. Rxb7 Ra3 33.
Rb8+ Kf7 1/2-1/2

[Event "Mondiale Semilampo 2016"]
[Site "Doha QAT"]
[Date "2016.12.28"]
[Round "11.36"]
[White "Jumabayev, Rinat"]
[Black "Xu, Yi"]
[Result "1-0"]
[WhiteTitle "GM"]
[BlackTitle "IM"]
[WhiteElo "2611"]
[BlackElo "2430"]
[WhiteFideId "13702661"]
[BlackFideId "8605564"]
[EventDate "2016.12.26"]

1. Nf3 Nf6 2. c4 e6 3. e3 d5 4. b3 Be7 5. Bb2 O-O 6. Be2 b6 7. O-O Bb7 8. cxd5
Nxd5 9. d4 c5 10. dxc5 Bxc5 11. Nbd2 Nd7 12. a3 Rc8 13. b4 Be7 14. Qb3 Bf6 15.
Nd4 Qc7 16. Rac1 Qb8 17. Bb5 Ne5 18. Ne4 Be7 19. f4 Ng4 20. Nc6 Bxc6 21. Bxc6
Ngxe3 22. Be5 Nxf1 23. Bxb8 Nfe3 24. Be5 f6 25. Bb2 f5 26. Nf2 Bd6 27. Bd7 Rxc1+
28. Bxc1 Bxf4 29. Nd3 1-0

[Event "Mondiale Semilampo 2016"]
[Site "Doha QAT"]
[Date "2016.12.28"]
[Round "11.37"]
[White "Quparadze, Giga"]
[Black "Henriquez Villagra, Cristobal"]
[Result "1-0"]
[WhiteTitle "IM"]
[BlackTitle "IM"]
[WhiteElo "2481"]
[BlackElo "2517"]
[WhiteFideId "13602250"]
[BlackFideId "3409350"]
[EventDate "2016.12.26"]

1. e4 c5 2. Nf3 d6 3. d4 cxd4 4. Nxd4 Nf6 5. Nc3 Nc6 6. Be2 e5 7. Nf3 h6 8. O-O
Be7 9. h3 O-O 10. Re1 a6 11. Bf1 b5 12. Nd5 Be6 13. c4 Rb8 14. b3 b4 15. a3 a5
16. axb4 Bxd5 17. exd5 Nxb4 18. Bd2 Nd7 19. Ra3 Nc5 20. Be3 Qc7 21. Nd2 f5 22.
Nb1 f4 23. Bxc5 Qxc5 24. Nc3 Nc2 25. Rxa5 Qxa5 26. Qxc2 Qb6 27. Rb1 Bh4 28. Ne4
Qb4 29. Bd3 Ra8 30. Qd1 Be7 31. Qg4 Rf7 32. Qg6 Rf6 33. Nxf6+ Bxf6 34. Qh7+ Kf7
35. Qf5 Kf8 36. Qh7 Ke7 37. Bf5 f3 38. Qg6 Qb8 39. gxf3 Qe8 40. Qg4 h5 41. Qe4
Ra2 42. c5 Qb8 43. c6 Qb6 44. Rf1 Kd8 45. Be6 Qd4 46. Qh7 Kc7 47. Qg8 Qa7 48.
Qf7+ Kb6 49. Qxh5 Bd8 50. Qg4 g5 51. Qb4+ Kc7 52. Qe4 Kb8 53. Bg4 Bb6 54. Qf5
Bxf2+ 55. Kh1 Qc7 56. Qb1 Rd2 57. Qa1 Bg3 58. Qa6 Bf2 59. Ra1 Ba7 60. Qb5+ Bb6
61. Qa4 1-0

[Event "Mondiale Semilampo 2016"]
[Site "Doha QAT"]
[Date "2016.12.28"]
[Round "11.38"]
[White "Jobava, Baadur"]
[Black "Tregubov, Pavel V."]
[Result "1/2-1/2"]
[WhiteTitle "GM"]
[BlackTitle "GM"]
[WhiteElo "2702"]
[BlackElo "2585"]
[WhiteFideId "13601520"]
[BlackFideId "4115341"]
[EventDate "2016.12.26"]

1. e4 c5 2. Nf3 e6 3. c3 d5 4. exd5 exd5 5. d4 Nc6 6. Be2 Nf6 7. O-O Be7 8. dxc5
Bxc5 9. Bg5 O-O 10. Bxf6 Qxf6 11. Qxd5 Bb6 12. Na3 Re8 13. Rfe1 Bg4 14. Nc4 Rad8
15. Qb5 Bc7 16. Qxb7 Rxe2 17. Qxc7 Bxf3 18. gxf3 Re6 19. Qg3 h6 20. Kg2 Rd5 21.
f4 Ne7 22. Ne3 Rd2 23. Rab1 Ng6 24. Kf1 Nxf4 25. Red1 Red6 26. Qf3 g5 27. Qa8+
Rd8 28. Qf3 Qa6+ 29. c4 Qxa2 30. Qe4 Qxb2 31. Rxd2 Qxd2 32. Nf5 Qd1+ 33. Rxd1
Rxd1+ 34. Qe1 Rxe1+ 35. Kxe1 Kh7 36. Kd2 Kg6 37. Nd4 Kf6 38. Kc3 Ne6 39. Nc6 a6
40. Kb4 Kf5 41. Nb8 Kf4 42. Nxa6 Kf3 43. Nc5 Nf4 44. Nd7 Kxf2 45. Ne5 f5 46. c5
Ne6 47. c6 Kg2 48. Kc4 f4 49. Kd5 Nc7+ 50. Ke4 h5 51. h4 gxh4 52. Ng6 h3 53.
Nxf4+ Kg3 54. Nxh5+ Kh4 55. Kf3 Kxh5 1/2-1/2

[Event "Mondiale Semilampo 2016"]
[Site "Doha QAT"]
[Date "2016.12.28"]
[Round "11.39"]
[White "Mareco, Sandro"]
[Black "Amin, Bassem"]
[Result "1-0"]
[WhiteTitle "GM"]
[BlackTitle "GM"]
[WhiteElo "2635"]
[BlackElo "2662"]
[WhiteFideId "112275"]
[BlackFideId "10601457"]
[EventDate "2016.12.26"]

1. d4 Nf6 2. c4 g6 3. Nc3 Bg7 4. e4 d6 5. Be2 O-O 6. Nf3 e5 7. O-O Nc6 8. d5 Ne7
9. Ne1 Nd7 10. Nd3 f5 11. f3 f4 12. Bd2 g5 13. Rc1 Ng6 14. c5 Nf6 15. Nb5 Rf7
16. Ba5 b6 17. cxd6 cxd6 18. Be1 a6 19. Nc3 a5 20. Nf2 h5 21. Nb5 Bf8 22. Rc3
Rg7 23. h3 Nh4 24. a4 Ne8 25. b4 axb4 26. Rc6 Bd7 27. Bxb4 Bxc6 28. dxc6 Kh8 29.
Qb3 Rc8 30. Rc1 Qe7 31. Qd1 Qe6 32. Ba3 Qg6 33. Rc3 Qf6 34. Nd3 Qg6 35. Nxe5
dxe5 36. Bxf8 Rf7 37. Bd6 g4 38. Bxe5+ Kh7 39. hxg4 Rxc6 40. Qd8 Rxc3 41. Bxc3
Nf6 42. Bc4 Rd7 43. Qxf6 Rd1+ 44. Kh2 Qxf6 45. Bxf6 Ng6 46. gxh5 Nf8 47. Bg5 Ra1
48. e5 Rxa4 49. e6 Rxc4 50. e7 Rc8 51. Nd6 Ra8 52. e8=Q Rxe8 53. Nxe8 Ne6 54.
Nf6+ Kg7 55. h6+ Kg6 56. h7 Kg7 57. Bh6+ Kh8 58. Nd5 1-0

[Event "Mondiale Semilampo 2016"]
[Site "Doha QAT"]
[Date "2016.12.28"]
[Round "11.40"]
[White "Lalith, Babu M R"]
[Black "Fressinet, Laurent"]
[Result "1-0"]
[WhiteTitle "GM"]
[BlackTitle "GM"]
[WhiteElo "2587"]
[BlackElo "2672"]
[WhiteFideId "5024595"]
[BlackFideId "608742"]
[EventDate "2016.12.26"]

1. d4 Nf6 2. c4 g6 3. Nc3 Bg7 4. e4 d6 5. Be2 O-O 6. Bg5 c5 7. d5 b5 8. cxb5 a6
9. a4 Qa5 10. Bd2 axb5 11. Bxb5 Ba6 12. Nge2 Nbd7 13. O-O Ne5 14. Qc2 Qb4 15.
Bxa6 Rxa6 16. b3 c4 17. Rab1 h5 18. h3 Raa8 19. Be3 Rfc8 20. Rfd1 Rab8 21. bxc4
Qxc4 22. Rxb8 Rxb8 23. Rb1 Rc8 24. a5 Qa6 25. Ra1 Nfd7 26. Bd4 Nc5 27. Qd1 Ned3
28. Bxg7 Kxg7 29. Qb1 Ra8 30. Nd4 Qc4 31. Ndb5 h4 32. Ra3 Ne5 33. Qa1 Ncd3 34.
a6 Qc5 35. Qf1 Nc4 36. Ra1 Nde5 37. a7 g5 38. Qe2 Kg6 39. Qd1 Nb6 40. Qd4 Ned7
41. Qxc5 Nxc5 42. Nc7 Rc8 43. N3b5 Kf6 44. f3 Ke5 45. a8=Q Nxa8 46. Rxa8 Rxa8
47. Nxa8 f5 48. exf5 Kxd5 49. Nac7+ Kc6 50. g3 Nd3 51. f4 gxf4 52. gxh4 Ne5 53.
h5 d5 54. h6 d4 55. h7 Nf7 56. Kf2 d3 57. h4 Nh8 58. Ne6 Kxb5 59. Nxf4 Kc4 60.
Ke3 Nf7 61. Nxd3 Kd5 62. Kf4 e6 63. Ne5 Nh8 64. f6 Kd6 65. h5 1-0

[Event "Mondiale Semilampo 2016"]
[Site "Doha QAT"]
[Date "2016.12.28"]
[Round "11.41"]
[White "Naiditsch, Arkadij"]
[Black "Debashis, Das"]
[Result "1-0"]
[WhiteTitle "GM"]
[BlackTitle "GM"]
[WhiteElo "2687"]
[BlackElo "2472"]
[WhiteFideId "4650891"]
[BlackFideId "5024854"]
[EventDate "2016.12.26"]

1. d4 d5 2. Nf3 Nf6 3. Bf4 c5 4. e3 e6 5. c3 Nc6 6. Nbd2 Be7 7. Bd3 Nh5 8. Be5
Nxe5 9. Nxe5 Nf6 10. f4 O-O 11. O-O Qb6 12. Qb1 Qc7 13. Rf3 g6 14. Rh3 Bd7 15.
Ndf3 Be8 16. Ng5 Bd6 17. Qe1 h5 18. Qh4 Qe7 19. Rf1 Kg7 20. Rg3 cxd4 21. cxd4
Rh8 22. Ngxf7 Bxf7 23. Bxg6 Ng4 24. Qxe7 Bxe7 25. Bxf7 1-0